000 00492pab a2200181 454500
008 180718b2008 xxu||||| |||| 00| 0 eng d
100 _aTrimikiliniotis, Nicos
245 _aGlobalisation and migrant labour in a `rainbow nation': a fortress South Africa?
260 _c2008
300 _ap.1323-339.
650 _aGlobalization
650 _aMigrant workers
700 _aZondo, Brian
700 _aGordon, Steven
773 _aThird World Quarterly
908 _aN
909 _a80239
999 _c80239
_d80239